One Piece All Weapons - Statistics

General Stats
  • This quiz has been taken 32 times
    31 since last reset
  • The average score is 12 of 57
Answer Stats
Hint Answer % Correct
Zoro's Sword Enma
88%
Gol D. Roger's Sword Ace
83%
Mihawk's Sword Yoru
79%
Zoro's Sword Wado Ichimonji
67%
Zoro's Sword Sandai Kitetsu
63%
Zoro's Sword Shusui
63%
Tenguyama Hitetsu's Sword Nidai Kitetsu
46%
Ethanbaron V. Nusjuro's Sword Shodai Kitetsu
46%
Shamrock's Sword Cerberus
33%
Nami's Staff Clima-Tact
33%
Shanks Sword Gryphon
33%
Usopp's Slingshot Kabuto
29%
Usopp's Slingshot Kuro Kabuto
29%
Big Mom's Sword Napoleon
29%
Momonosuke's Sword Ame no Habakiri
25%
Cavendish's Sword Durandal
25%
Tashigi's Sword Shigure
25%
Zoro's Sword Yubashiri
25%
Cracker's Sword Pretzel
21%
Brook's Sword Soul Solid
21%
Smoker's Jitte Nanashaku Jitte
17%
Shiki's Sword Oto
17%
Buggy's Cannonball Buggy Balls
13%
Kuro's Swords Cat Claws
13%
Franky's Sword Franken
13%
Thousand Sunny's Cannon Gaon Cannon
13%
Miss Fathers Days Gun Gero Gero Gun
13%
Trafalgar D. Water Law's Sword Kikoku
13%
Shiki's Sword Kogarashi
13%
Katakuri's Trident Mogura
13%
Enel's Staff Nonosama Bo
13%
Dorry's Sword Terry
13%
Fujitora's Sword Yakuza Kasen
13%
T-Bone's Sword Bamboo
8%
Don Krieg's Spear Daisenso
8%
Tilestone's Cannon Demi Cannon
8%
Kaido's Kanabo Hassaikai
8%
Kin'emons Sword Kakusan
8%
Sasaki's Sword Karakuri Rasento
8%
Tashigi's Sword Kashu
8%
Hannyabal's Sword Kessui
8%
Gion/Momousagi's Sword Konpira
8%
Killer's Scythe Punisher
8%
Shiryu's Sword Raiu
8%
Wapol's Cannon Royal Drum Crown 7-Shot Bliking Cannon
8%
Bastille's Sword Same-kiri Bocho
8%
Van Augur's Gun Senriku
8%
Charlotte Amande's Sword Shirauo
8%
Kawamatsu's Sword Soto Muso
8%
Kin'emons Sword Sukesan
8%
Ikaro's Much Spear Surume Ika no Yari
8%
Yamato's Kanabo Takeru
8%
Basil Hawkins Sword Warabide
8%
Tashigi's Sword Yamaoroshi
8%
Mr.7's Gun Yellow Gun
8%
Eutass Kid's Railgun Damned Punk
4%
Pudding's Gun Walker
4%
No matching quizzes found
Score Distribution
Percent of People with Each Score
Percentile by Number Answered
Your Score History
You have not taken this quiz since the last reset